Vicente Huidobro & Manuel Bandeira. Ensayos de Carlos Nejar y Juan Antonio Massone
Salvato in:
| Autore principale: | |
|---|---|
| Altri autori: | , , , |
| Natura: | Libro |
| Lingua: | inglese |
| Pubblicazione: |
Rio de Janeiro, Brasil:
Academia Brasileira de Letras
2007
Santiago, Chile: Academia Chilena de la Lengua, |
| Soggetti: | |
| Tags: |
Aggiungi Tag
Nessun Tag, puoi essere il primo ad aggiungerne!!
|
MARC
| LEADER | 00000nam a22000007a 4500 | ||
|---|---|---|---|
| 003 | CL-VaPUC | ||
| 005 | 20230731134218.0 | ||
| 008 | 220407b2007 ||||| |||| 00| 0 eng d | ||
| 999 | |c 435326 |d 435324 | ||
| 020 | |a 978-85-7440-101-0 | ||
| 040 | |c Pontificia Universidad Católica de Valparaíso | ||
| 082 | 0 | 4 | |2 21 |a 861 GAR 2007 |
| 100 | |a Huidobro, Vicente |e autor |d 1893-1948 |q (García-Huidobro Fernández, Vicente) |9 505141 | ||
| 245 | 1 | 0 | |a Vicente Huidobro & Manuel Bandeira. |b Ensayos de Carlos Nejar y Juan Antonio Massone |
| 260 | |a Rio de Janeiro, Brasil: |b Academia Brasileira de Letras | ||
| 260 | |a Santiago, Chile: |b Academia Chilena de la Lengua, |c 2007 | ||
| 300 | |a 235 páginas | ||
| 500 | |a C.1 Donación Familia profesor Giovanni Parodi S. Memo 01/2022. 25-03-2022 | ||
| 546 | |a En Español y Portugues | ||
| 583 | |c 20220407 |k Catalogador Asistente | ||
| 600 | |a García-Huidobro Fernández, Vicente, |d 1893-1948 |x Crítica e interpretación |9 868584 | ||
| 600 | |a Bandeira, Manuel, |d 1886-1968 |x Crítica e interpretación |9 868585 | ||
| 650 | 1 | |a Poesías chilenas |x Ensayos |9 868586 | |
| 650 | 1 | |a Poesías brasileñas |x Ensayos |9 868587 | |
| 700 | |a Bandeira, Manuel |e autor |9 332832 | ||
| 700 | |a Nejar, Carlos |e ensayos |9 868574 | ||
| 700 | |a Massone del Campo, Juan Antonio |e ensayos |9 868575 | ||
| 700 | |a Tejeda Naranjo, Patricia |e traducción |9 868132 | ||
| 942 | |2 ddc |c BK | ||
| 952 | |0 0 |1 0 |2 ddc |4 0 |6 861_000000000000000_GAR_2007 |7 0 |8 C_GPS |9 582507 |a FDOPOS |b FDOPOS |c GEN |d 2022-04-07 |e Donación |i 5650727 |o 861 GAR 2007 |p 5650727 |r 2025-01-22 |t 1 |w 2022-04-07 |y BK |k MLA | ||